Franšízing - sázka na jistotu. Brzdícími faktory jsou především špatná infrastruktura a bariera v myslích podnikatelů.
Postupné vytváranie franšízingovej siete v Českej a Slovenskej republike. Predajná forma cudzích firiem. Organizácia franšízingovej siete. Preberanie know-how od cudzích firiem.
Na minha lista:
| Autor principal: | |
|---|---|
| Formato: | Capítulo de Livro |
| Idioma: | tcheco |
| Assuntos: | |
| Tags: |
Sem tags, seja o primeiro a adicionar uma tag!
|
MARC
| LEADER | 00000naa a2200000 4500 | ||
|---|---|---|---|
| 001 | r012355 | ||
| 005 | 20220826094010.1 | ||
| 041 | 0 | |a cze | |
| 044 | |a CZ | ||
| 245 | 1 | 0 | |a Franšízing - sázka na jistotu. |b Brzdícími faktory jsou především špatná infrastruktura a bariera v myslích podnikatelů. |c Z. Kubín |
| 520 | |a Postupné vytváranie franšízingovej siete v Českej a Slovenskej republike. Predajná forma cudzích firiem. Organizácia franšízingovej siete. Preberanie know-how od cudzích firiem. | ||
| 610 | 2 | 0 | |a franchising |
| 610 | 2 | 0 | |a infraštruktúra |
| 610 | 2 | 0 | |a know-how |
| 610 | 2 | 0 | |a franšíza |
| 100 | 1 | |a Kubín, Z. | |